00489nam a2200157Ia 4500003000400000008004100004040001600045082001700061100001800078245007400096260005100170300001000221650003400231650002800265650003800293GCL140319s9999 xx 000 0 eng d aGCL / cGCL04a327.101bN R1 aNEAFELD, MARK10aTHE RESTRUCTURING OF INTERNATIONAL RELATIONS THEORY / cNEAFELD, MARK a[S.N] : bCAMBRIDGE UNIVERSITY PRESS ، c1995 a174 P04aINTERNATIONAL RELATION THEROY04aINTERNATIONAL RELATIONS04aINTERNATIONAL RELATION PHILOSOPHY